On Leadership (Record no. 3261)
[ view plain ]
| 000 -LEADER | |
|---|---|
| fixed length control field | 00316nam a22001337a 4500 |
| 008 - FIXED-LENGTH DATA ELEMENTS--GENERAL INFORMATION | |
| fixed length control field | 250429b |||||||| |||| 00| 0 eng d |
| 020 ## - INTERNATIONAL STANDARD BOOK NUMBER | |
| ISBN | 0029113121 |
| 100 ## - MAIN ENTRY--AUTHOR | |
| Author | Gardener, W.John |
| 245 ## - TITLE STATEMENT | |
| Title | On Leadership |
| 260 ## - PUBLICATION, DISTRIBUTION, ETC. (IMPRINT) | |
| Place of publication | New York |
| Name of publisher | The Free Press |
| Date of publication | 1990 |
| 300 ## - COLLATION | |
| Pagination | 220p. |
| 942 ## - ADDED ENTRY ELEMENTS (KOHA) | |
| Item type | Books |
| 050 ## - LIBRARY OF CONGRESS CALL NUMBER | |
| Classification number | JC 330.3 |
| Item number | .G37 |
| Source of classification or shelving scheme | Not for loan | Permanent location | Current location | Date acquired | Full call number | Barcode. | Koha item type |
|---|---|---|---|---|---|---|---|
| Dewey Decimal Classification | Samuel Ogbemudia Main Library, University of Abuja | Samuel Ogbemudia Main Library, University of Abuja | 04/29/2025 | JC 330.3.G37 | 2025-1714 | Books |